Régimen jurídico ambiental de la energía eólica en Chile

Guardat en:
Dades bibliogràfiques
Autor principal: Weisser Hitschfeld, Yocelyn (Autor)
Format: Llibre
Idioma:espanyol
Publicat: Santiago Librotecnia 2011
Edició:1a. ed
Matèries:
Etiquetes: Afegir etiqueta
Sense etiquetes, Sigues el primer a etiquetar aquest registre!

MARC

LEADER 00000cam a2200000 a 4500
001 UCG8558
003 CL-VaPUC
008 111216e20110000CL |||||||||||||||||spa|d
020 |a 9789563270495 
082 0 4 |a 343.092  |b WEI  |2 21 
100 0 |a Weisser Hitschfeld, Yocelyn  |e author  |9 559635 
245 1 0 |a Régimen jurídico ambiental de la energía eólica en Chile 
250 |a 1a. ed 
300 |a 186 p 
942 |c BK 
945 |d 20111216 00:00:00  |a dcastane 
260 |a Santiago  |b Librotecnia  |c 2011 
650 0 |a Energía eólica  |9 316611 
650 0 |a Derecho ambiental   |9 257835 
583 |a last modification  |c 20111216 11:30:00  |k Rodrigo Vera 
999 |c 346165  |d 346163 
952 |0 0  |1 0  |4 0  |6 343_092000000000000_WEI_2011  |7 0  |8 A  |9 446743  |a BIBDER  |b BIBDER  |d 2019-11-22  |i 4815971  |o 343.092 WEI 2011  |p 4815971  |r 2023-01-25  |w 2019-11-22  |y BK  |k DER